000 01281cam a2200265 4500
008 030806n2003 000 0 eng u
020 _a1842191659
035 _a(Sirsi) u123206
041 _aeng
050 _a333.332
_c18
100 _aSayce, Sarah
245 3 _aAn analysis of rating valuation methodology for non-profit orientated leisure property
_h[electronic resource]
260 _aLondon
_bRICS
_c2003
520 _a"Eastbourne and another v Allen (VO)" (RA/16-17/1999, LT116195) endorsed the use of the contractor's basis in the rating valuation of local authority leisure centres. This report debates the background to and the findings of this decision and puts it into a wider rating context. With bibliography and table of cases. View the report at www.rics.org/val.
650 _aLEISURE CENTRES
650 _aSPORTS CENTRES
650 _aEASTBOURNE BC AND ANOTHER V ALLEN (VO)
650 _aRATING VALUATION
650 _aCONTRACTORS TEST
690 _aRATING AND LOCAL TAXATION
700 _aConnellan, Owen
710 _aRoyal Institution of Chartered Surveyors
_bEducation Trust
_947
856 _uhttps://www.rics.org/Global/Downloads/AnalysisRatingValMethodNonProfitLeisure200303.pdf
_zView the research report at www.rics.org...
942 _n0
999 _c103012
_d103012